00547nam a2200133Ia 4500008004100000100003100041245008500072260006900157300001100226650001600237856006800253999001900321952007300340160712s9999 xx 000 0 und d aOcampo, Victor Fernando R. cVictor Fernando R. OcampoaAn Excerpt from the Philippine Journal of Archaeology c2014bLikhaan: The Journal of Contemporary Philippine Literature avol. 8 xSHORT STORY uhttp://journals.upd.edu.ph/index.php/lik/issue/view/538/showToc c297224d297224 001040aCLbCLd2016-07-12l0r2016-07-12 00:00:00w2016-07-12yFEJ